Formula one drivers line-up 1997 - Statistics

General Stats
  • This quiz has been taken 87 times
  • The average score is 23 of 29
Answer Stats
Consrtuctor Rouds Driver Nationality % Correct
Williams All Jacques Villeneuve Canada
97%
Ferrari All Michael Schumacher Germany
96%
McLaren All Mika Häkkinen Finland
94%
Jordan All Ralf Schumacher Germany
94%
McLaren All David Coulthard UK
93%
Tyrrell All Jos Verstappen Netherlands
91%
Ferrari All Eddie Irvine UK
88%
Benetton All Jean Alesi France
88%
Stewart All Rubens Barrichello Brazil
88%
Benetton 1-6, 10-17 Gerhard Berger Austria
87%
Jordan All Giancarlo Fisichella Italy
87%
Williams All Heinz-Harald Frentzen Germany
87%
Stewart All Jan Magnussen Denmark
85%
Tyrrell All Mika Salo Finland
85%
Benetton 7-9 Alexander Wurz Austria
82%
Arrows All Damon Hill UK
82%
Prost 8-14 Jarno Trulli Italy
81%
Minardi 1-7 Jarno Trulli Italy
81%
Sauber All Johnny Herbert UK
81%
Prost 1-7, 15-17 Oliver Panis France
79%
Arrows All Pedro Diniz Brazil
76%
Minardi All Ukyo Katayama Japan
72%
Prost All Shinji Nakano Japan
62%
Sauber 1-5 Nicola Larini Italy
59%
Sauber 6-7, 11-16 Gianni Morbidelli Italy
57%
Minardi 8-17 Tarso Marques Brazil
57%
Sauber 8-10, 17 Norberto Fontana Argentina
54%
Lola 1 Vincenzo Sospiri Italy
54%
Lola 1 Ricardo Rosset Brazil
53%
No matching quizzes found
Score Distribution
Percent of People with Each Score
Percentile by Number Answered
Your Score History
You have not taken this quiz